Employment forecasting : final report.

Bibliographic Details
Corporate Authors: International Seminar on Employment Forecasting Techniques Brussels, Organisation for Economic Co-operation and Development
Format: Conference Proceeding Book
Language:English
Published: [Paris] : Organisation for Economic Co-operation and Development, [1963]
Subjects:

MARC

Tag First Indicator Second Indicator Subfields
LEADER 00000cam a2200000 4500
001 in00000082564
005 20151008053046.0
008 791116s1963 fr a b 00000 eng
010 |a  64030942  
035 |a (OCoLC)05704381 
035 |9 AAH6036AM 
040 |a DLC  |c DXU  |d TXA  |d UtOrBLW 
049 |a TXAM  |c [464359] 
050 0 0 |a HD5711  |b .I58 1962c 
092 |a 331.11063  |b I61, 1962 
111 2 |a International Seminar on Employment Forecasting Techniques  |d (1962 :  |c Brussels) 
245 1 0 |a Employment forecasting :  |b final report. 
264 1 |a [Paris] :  |b Organisation for Economic Co-operation and Development,  |c [1963] 
300 |a 112 pages :  |b diagrams ;  |c 24 cm. 
336 |a text  |b txt  |2 rdacontent 
337 |a unmediated  |b n  |2 rdamedia 
338 |a volume  |b nc  |2 rdacarrier 
500 |a Sponsored by the Organization for Economic Cooperation and Development. 
504 |a Bibliographical footnotes. 
650 0 |a Employment forecasting  |x Congresses. 
710 2 |a Organisation for Economic Co-operation and Development. 
999 |a MARS 
999 f f |s 3ce0045f-e4c9-3453-ac87-3a9cc3009db2  |i 3b9489d8-f8bd-3d23-9d0a-79bc38577e6a  |t 0 
952 f f |p ric  |a Texas A&M University  |b Rellis Campus  |c Joint Library Facility  |d Remote Storage  |t 0  |e HD5711 .I58 1962c  |h Library of Congress classification  |i unmediated -- volume  |m A14800714444 
998 f f |a HD5711 .I58 1962c  |t 0  |l Remote Storage